000 00862nam a2200253Ia 4500
003 OSt
005 20220925204005.0
006 a|||||r|||| 00| 0
007 ta
008 220923b |||||||| |||| 00| 0 eng d
037 _cGeneral Book
040 _aRTL
_cRTL
_beng
041 _2eng
_aeng
082 _aX.770gF.46.N7, L7/UN
110 _aUnited Nations Educational Science and Cultural Organization
_9267506
245 0 _aScience and technology in the development of the Arab states
260 _aFramce
_bUNESCO
_c1977
300 _a327p
_ccm.
490 _aIts, Science Policy Studies and Cocuments.41
650 _aUnited States Economic Conditions
_9230667
700 _aUnited Nations Educational Science and Cultural Organization
_9267507
942 _hX.770gF.46.N7, L7/UN
_cGB
_2CC
999 _c548284
_d548284